| 000 | 00644nam a22002057a 4500 | ||
|---|---|---|---|
| 003 | OSt | ||
| 005 | 20131030135144.0 | ||
| 008 | 130528s1999 sp ||||| |||| 00| 0 spa d | ||
| 020 | _a8403595328 | ||
| 040 | _cCDMR | ||
| 100 | 1 |
_93530 _aSpengler, Christine |
|
| 245 | 1 | 0 |
_aEntre la luz y la sombra _b: autobiografía de una corresponsal de guerra _cChristine Spengler |
| 260 |
_aMadrid _bEl País / Aguilar _cDL 1999 |
||
| 300 | _a428 p. | ||
| 600 | 1 |
_93530 _aSpengler, Christine _vBiografia |
|
| 650 | 0 | 4 |
_93678 _aCorresponsals de guerra _vRelats personals |
| 650 | 0 | 4 |
_91270 _aFotoperiodisme |
| 650 | 0 | 4 |
_92913 _aDones periodistes |
| 942 |
_2udc _cMON |
||
| 999 |
_c6324 _d6324 |
||